Revista crítica de historia, literatura y bellas artes. (Record no. 1808)

MARC details
000 -LEADER
campo de control de longitud fija 00609nas a22002291i#4500
001 - NÚMERO DE CONTROL
campo de control 1808
003 - IDENTIFICADOR DE NÚMERO DE CONTROL
campo de control ES-MaACL
005 - FECHA Y HORA DE LA ÚLTIMA TRANSACCIÓN
campo de control 20250724062552.0
007 - CAMPO FIJO DE DESCRIPCIÓN FÍSICA--INFORMACIÓN GENERAL
campo de control de longitud fija t|
008 - DATOS DE LONGITUD FIJA--INFORMACIÓN GENERAL
campo de control de longitud fija 950801d1885 sp s| | 1 ||pa d
080 ## - NÚMERO DE LA CLASIFICACIÓN DECIMAL UNIVERSAL
Número de la Clasificación Decimal Universal 460
245 00 - MENCIÓN DEL TÍTULO
Título Revista crítica de historia, literatura y bellas artes.
260 ## - PUBLICACIÓN, DISTRIBUCIÓN, ETC.
Lugar de publicación, distribución, etc. [S.l :
Nombre del editor, distribuidor, etc. s.n.],
Fecha de publicación, distribución, etc. 1885-
300 ## - DESCRIPCIÓN FÍSICA
Extensión v ;
Dimensiones 24 cm.
310 ## - PERIODICIDAD ACTUAL
Periodicidad actual Quincenal
362 0# - FECHAS DE PUBLICACIÓN Y/O DESIGNACIÓN SECUENCIAL
Fecha de publicación y/o designación secuencial N. 1 (1º abr. 1885)-
500 ## - NOTA GENERAL
Nota general Ejemplares carentes de portada n. 1-3.
650 #7 - PUNTO DE ACCESO ADICIONAL DE MATERIA--TÉRMINO DE MATERIA
Término de materia o nombre geográfico como elemento de entrada Cultura
Fuente del encabezamiento o término embne
9 (RLIN) 170963
852 ## - LOCALIZACIÓN
Ubicación ES-MaACL
Número de control de estantería T-461-F-4
866 #0 - MENCIÓN TEXTUAL DE FONDOS--UNIDAD BIBLIOGRÁFICA BÁSICA
Fondos (1885 nº 1-2-3)
Holdings
Estatus retirado Estado de pérdida Fuente del sistema de clasificación o colocación Estado de daño No para préstamo Colección Biblioteca de origen Biblioteca actual Ubicación en estantería Fecha de adquisición Total de préstamos Signatura topográfica completa Código de barras Visto por última vez Precio de reemplazo Tipo de ítem Koha
    Clasificación decimal universal     Colección de folletos Biblioteca del Ateneo de Madrid Biblioteca del Ateneo de Madrid Depósito folletos 17/01/2008   T-461-F-4 1001845 23/02/2023 23/02/2023 Folleto